|
|
|
|
| LEADER |
00000naa2a2200000 4500 |
| 001 |
163902 |
| 005 |
20231031161030.0 |
| 035 |
|
|
|a (RuTPU)RU\TPU\book\177818
|
| 090 |
|
|
|a 163902
|
| 100 |
|
|
|a 20090824d2008 k y0rusy50 ca
|
| 101 |
0 |
|
|a rus
|
| 102 |
|
|
|a RU
|
| 200 |
1 |
|
|a О некоторых трудностях математического образования студентов технического вуза
|f О. Г. Князева
|
| 320 |
|
|
|a Библиогр.: 2 назв.
|
| 463 |
|
0 |
|0 (RuTPU)RU\TPU\book\164866
|t Модернизация инженерного образования: проблемы и перспективы
|o труды VI Всероссийской научно-практической конференции, 5 ноября 2008 г., Юрга
|f Томский политехнический университет (ТПУ), Юргинский технологический институт (ЮТИ)
|v С. 198-201
|d 2008
|p 340 с.
|
| 610 |
1 |
|
|a технические вузы
|
| 610 |
1 |
|
|a математика
|
| 610 |
1 |
|
|a учебные дисциплины
|
| 610 |
1 |
|
|a студенты
|
| 610 |
1 |
|
|a труды учёных ТПУ
|
| 700 |
|
1 |
|a Князева
|b О. Г.
|c старший преподаватель
|c Юргинский технологический инстиут (филиал) Томский политехнический университет
|g Ольга Геннадьевна
|2 stltpush
|3 (RuTPU)RU\TPU\pers\24503
|
| 801 |
|
1 |
|a RU
|b 63413507
|c 20090824
|
| 942 |
|
|
|c BK
|